Top 20 państw z najniższymi ludźmi - Statystyki

Ogólne statystyki
  • Ten quiz został rozwiązany 12 976 razy
  • Średni wynik to 7 z 20
Statystyki odpowiedzi
Mężczyźni Kobiety Państwo % Poprawnych
164.9 (5′5) 152.6 (5′0) Indie
78%
163.6 (5′4) 152.8 (5′0) Indonezja
68%
164.4 (5′5) 153.6 (5′1) Wietnam
66%
160.5 (5′3) 151.3 (5′0) Laos
56%
163.2 (5′4) 149.6 (5′0) Filipiny
55%
162.3 (5′4) 150.9 (5′0) Nepal
54%
163.3 (5′4) 152.9 (5′0) Kambodża
52%
163.8 (5′5) 150.8 (5′0) Bangladesz
50%
165.3 (5′5) 153.6 (5′1) Bhutan
45%
163.6 (5′4) 154.9 (5′1) Papua-Nowa Gwinea
33%
159.8 (5′3) 151.2 (5′0) Timor Wschodni
32%
165.2 (5′5) 152.9 (5′0) Peru
28%
159.9 (5′3) 154.0 (5′1) Jemen
20%
161.5 (5′4) 151.2 (5′0) Madagaskar
17%
162.8 (5′4) 151.3 (5′0) Wyspy Marshalla
13%
164.1 (5′5) 154.4 (5′1) Wyspy Salomona
13%
162.7 (5′4) 154.8 (5′1) Rwanda
11%
163.4 (5′4) 149.4 (5′0) Gwatemala
10%
164.8 (5′5) 154.0 (5′1) Mozambik
10%
162.2 (5′4) 154.4 (5′1) Malawi
9%
Nie znaleziono quizów pasujących do podanych kryteriów
Rozkład punktacji
Procent ludzi z każdym wynikiem
Percentyl według liczby udzielonych odpowiedzi
Twoja historia wyników
Nie rozwiązałeś tego quizu